The persistence of Orientalism : Anglo-American historians and modern Egypt /

""The Persistence of Orientalism" is a study of Anglo-American historiography of modern Egypt, which emphasizes the work done by other professional historians, especially Edward Said"--

محفوظ في:

المؤلف الرئيسي: Gran, Peter, 1941- (مؤلف)

التنسيق: كتاب

اللغة: English

منشور في: Syracuse, New York : Syracuse University Press, 2020.

الطبعة: First edition.

سلاسل: Middle East studies beyond dominant paradigms.

الموضوعات:

الوسوم: إضافة وسم

لا توجد وسوم, كن أول من يضع وسما على هذه التسجيلة!

رقم الطلب: DT76.7 .G73

LEADER 01478nam a22003017a 4500
003 OSt
005 20260112082222.0
008 261012t20202020nyu b 001 0 eng
020 |a 9780815636977  |q hardcover 
040 |c ARCE Library 
042 |a pcc 
050 1 4 |a DT76.7  |b .G73 
100 1 |a Gran, Peter,  |d 1941-  |e author 
245 1 4 |a The persistence of Orientalism :   |b Anglo-American historians and modern Egypt /   |c Peter Gran. 
250 |a First edition. 
264 1 |a Syracuse, New York :  |b Syracuse University Press,  |c 2020. 
264 4 |c ©2020. 
300 |a xvii, 206 pages ;  |c 24 cm. 
490 1 |a Middle East studies beyond dominant paradigms. 
504 |a Includes bibliographical references and index. 
505 0 |a Introduction -- 1. The history of Anglo-American scholarly writing on modern Egypt from the late nineteenth century until today -- 2. the orthodox narrative -- 3. The orthodox narrative's blind spots -- 1798, Shaykh Hasan al-'Attar, and Muhammad 'Ali Pasha -- 4. Hypothesizing the Ottoman-Egyptian roots of modern Egypt -- Conclusion. 
520 |a ""The Persistence of Orientalism" is a study of Anglo-American historiography of modern Egypt, which emphasizes the work done by other professional historians, especially Edward Said"--  |c Provided by publisher. 
650 0 |a Orientalism. 
651 0 |a Egypt  |x Historiography. 
830 0 |a Middle East studies beyond dominant paradigms. 
901 |a reviewed 
942 |2 lcc  |c BK 
999 |c 54262  |d 54262